Music Quiz

Random Music or Kpop Quiz

Guess my kpop Bias Quiz Stats

 Plays Quiz not verified by Sporcle

Score 0/55 Timer 16:00
0 Plays Today
% Correct
J-hope
97.3%
DO
96.4%
Baekhyun
94.5%
Lay
94.2%
Chanyeol
93.8%
Taeyang
92.7%
Seungri
91.5%
Amber
91.5%
Youngjae
88.8%
Key
88.4%
Lisa
88.2%
Taehyung
85.7%
Jonghyun
85.4%
BI
83%
Taeyeon
83%
Hoshi
82.1%
Hyuk
82%
Jay Park
81.8%
The8
80.4%
N
80.1%
IM
79.9%
Wendy
78.4%
Irene
78.4%
Mark
78.4%
Momo
77.8%
Tiffany
75.2%
Sungjae
75.2%
Wonho
75.1%
% Correct
Ten
73.9%
Kihyun
73.6%
Hwasa
73.6%
Jae
72.9%
Sunggyu
72.9%
Henry
72.7%
Seulgi
71.7%
Seungkwan
68.6%
Jinhwan
67.8%
Dahyun
67.8%
MJ
66.3%
Dean
65.3%
Zion.T
65%
Taeil
63.8%
Hansol
57.8%
Seunghoon
56.2%
B-joo
53.5%
Xero
50.5%
Soohyun
46.2%
Chanhyuk
46.2%
Lee Jongsuk
43.8%
Giriboy
38%
Park Bogum
37.7%
Seo Inguk
36.8%
Nam Joohyuk
33.3%
Rosé
33.3%
Simon D
32.2%

You're not logged in!

Compare scores with friends on all Sporcle quizzes.
OR
Log In

Sporcle TV

Today on Sporcle TV


Watch our educational content, quiz creation guides, and fun videos on Sporcle TV.

Show Comments

Extras

Created Aug 13, 2016ReportNominate
Tags:Kpop Quiz, Kpop Quiz

Top Quizzes Today


Score Distribution

Your Account Isn't Verified!

In order to create a playlist on Sporcle, you need to verify the email address you used during registration. Go to your Sporcle Settings to finish the process.

Report this User

Report this user for behavior that violates our Community Guidelines.

Details: